WEBSTER`S MEDICAL DICTIONARY / (Record no. 797773)

MARC details
000 -LEADER
fixed length control field 00399pam a2200157 a 4500
020 ## - INTERNATIONAL STANDARD BOOK NUMBER
International Standard Book Number 8123910282
Terms of availability
041 ## - LANGUAGE CODE
Language code of original
082 ## - DEWEY DECIMAL CLASSIFICATION NUMBER
Classification number 610.3
Item number WEB
100 ## - MAIN ENTRY--PERSONAL NAME
Personal name WEBSTER`S,.
245 ## - TITLE STATEMENT
Title WEBSTER`S MEDICAL DICTIONARY /
Statement of responsibility, etc. NULL.
Medium Textual Documents
260 ## - PUBLICATION, DISTRIBUTION, ETC.
Place of publication, distribution, etc. NULL :
Name of publisher, distributor, etc. CBS PUB. ,
Date of publication, distribution, etc. 2004.
300 ## - PHYSICAL DESCRIPTION
Extent 256 : :
Other physical details XII ; ;
Dimensions A4+
Accompanying material PB.
504 ## - BIBLIOGRAPHY, ETC. NOTE
Bibliography, etc. note GENERAL
653 ## - INDEX TERM--UNCONTROLLED
Uncontrolled term KNOWLEDGE(GENERAL)
930 ## - EQUIVALENCE OR CROSS-REFERENCE-UNIFORM TITLE HEADING [LOCAL, CANADA]
Uniform title 3239
Holdings
Withdrawn status Lost status Damaged status Not for loan Collection Home library Current library Date acquired Source of acquisition Cost, normal purchase price Total Checkouts Full call number Barcode Date last seen Copy number Price effective from Koha item type
          Medical College & Hospital, Sangli Medical College & Hospital, Sangli 19/01/2009 B.M.S.G.B.PUNE 80.00   610.3 WEB MCS-7487 26/07/2023 2 26/07/2023 Book
          Medical College & Hospital, Sangli Medical College & Hospital, Sangli 19/01/2009 B.M.S.G.B.PUNE 80.00   610.3 WEB MCS-7486 26/07/2023 1 26/07/2023 Book